Loading...
| Literature - American | 0 | 3 | 0 | 0 | 30 | 74 | 119.00 | 1 | 2 | 3.89 | 15.15 |
| Philosophy | 0 | 2 | 0 | 0 | 20 | 119 | 131.00 | 0 | 2 | 1.19 | 9.09 |
| History - American | 0 | 2 | 0 | 0 | 20 | 108 | 120.00 | 0 | 1 | 1.43 | 4.55 |
| Science - Other | 0 | 2 | 0 | 0 | 20 | 100 | 110.50 | 1 | 1 | 2.24 | 12.12 |
| Social Science | 0 | 2 | 0 | 1 | 20 | 109 | 112.00 | 0 | 0 | 1.37 | 9.09 |
| Literature - World | 0 | 1 | 0 | 0 | 10 | 109 | 109.00 | 0 | 1 | 1.23 | 4.55 |
| Pop Culture | 0 | 1 | 0 | 0 | 10 | 97 | 97.00 | 0 | 1 | 12.20 | 27.78 |
| Fine Arts - Other | 0 | 1 | 0 | 0 | 10 | 105 | 105.00 | 1 | 1 | 2.37 | 9.09 |
| Fine Arts - Classical Music | 0 | 1 | 0 | 0 | 10 | 115 | 115.00 | 0 | 0 | 0.00 | 1.52 |
| Literature - British | 0 | 1 | 1 | 0 | 5 | 131 | 131.00 | 0 | 1 | 0.33 | 3.03 |
| Literature - European | 0 | 0 | 0 | 0 | 0 | 0.00 | 0 | 0 | 0.00 | 0.00 | |
| Fine Arts - Painting and Sculpture | 0 | 0 | 0 | 0 | 0 | 0.00 | 0 | 0 | 0.00 | 0.00 | |
| History - World | 0 | 0 | 0 | 0 | 0 | 0.00 | 0 | 0 | 0.00 | 0.00 | |
| Current Events | 0 | 0 | 0 | 0 | 0 | 0.00 | 0 | 0 | 0.00 | 0.00 | |
| Mythology | 0 | 0 | 0 | 0 | 0 | 0.00 | 0 | 0 | 0.00 | 0.00 | |
| Religion | 0 | 0 | 0 | 0 | 0 | 0.00 | 0 | 0 | 0.00 | 0.00 |